La fábrica de historias : derecho, literatura, vida /

Serie de conferencias dictadas por el autor en los cuales analiza la naturaleza y los usos de los relatos en el derecho, la literatura y enfatiza los problemas de interpretación, la base de nuestra concepción de los modos de ordenar y dar signficado a la vida.

Salvato in:
Dettagli Bibliografici
Autore principale: Bruner, Jerome S (autor)
Natura: Libro
Lingua:spagnolo
Pubblicazione: Buenos Aires, Argentina : Fondo de Cultura Económica, 2003, c2003
Serie:(Sección de Obras de Psicología y Psicoanálisis)
Soggetti:
Tags: Aggiungi Tag
Nessun Tag, puoi essere il primo ad aggiungerne!!

MARC

LEADER 00000nam^a2200000^a^4500
001 000165224
005 20250521000000.0
009 20260310101011.396
020 |a 950-557-560-2 
037 |a Acervo ITESO - Biblioteca 
041 |a ESP 
082 |a 121. 68  |b BRU 
100 |a Bruner, Jerome S  |e (autor) 
245 1 3 |a La fábrica de historias :  |b derecho, literatura, vida /  |c J.S. Bruner ; tr. por Luciano Padilla López. 
264 4 |a Buenos Aires, Argentina :  |b Fondo de Cultura Económica,  |c 2003, c2003 
300 |a 147 p. 
336 |a texto  |b txt  |2 rdacontenido 
337 |a sin mediación  |b n  |2 rdamedio 
338 |a volumen  |b nc  |2 rdasoporte 
440 1 |a (Sección de Obras de Psicología y Psicoanálisis) 
520 |a Serie de conferencias dictadas por el autor en los cuales analiza la naturaleza y los usos de los relatos en el derecho, la literatura y enfatiza los problemas de interpretación, la base de nuestra concepción de los modos de ordenar y dar signficado a la vida. 
649 |a XX 
650 |a Discurso 
650 |a Narración (Retórica) 
650 |a Narración de Cuentos 
650 |a Historias de Vida 
650 |a Subjetividad (Psicología) 
650 |a Connotación y Denotación 
650 |a Análisis del Discurso 
650 |a Lógica 
650 |a Argumentación 
650 |a Debates y el Arte de Discutir 
650 |a Retórica 
650 |a Pragmática 
650 |a Comunicación Oral 
650 |a Comunicación Escrita 
650 |a Comunicación Escrita 
650 |a Lingüística 
650 |a Mediación de la Comunicación 
650 |a Recepción y Apropiación de la Comunicación 
650 |a Percepción Social 
650 |a Ideología 
650 |a Hermenéutica 
650 |a Interpretación Psicoanalítica 
650 |a Traducción e Interpretación -  |x Metodología 
650 |a Derecho -  |x Filosofía 
650 |a Lenguaje y Pensamiento 
650 |a Literatura y Sociedad 
650 |a Semiótica y Sociedad 
650 |a Semiótica y Política 
910 |a Fondo General 
920 |a Impresos - Libros 
930 |a Colección General 
905 |a 101 
901 |a 0500099368  |b IT1  |c ACC  |u 20250521 
902 |a https://opac.biblio.iteso.mx/vufind/Record/000165224